Sci-Fi Movies - The Last 40 Years - Statistics

General Stats
  • This quiz has been taken 17 times
  • The average score is 15 of 41
Answer Stats
Picture Answer % Correct
Bill & Ted's Excellent Adventure (1989)
100%
Independence Day (1996)
92%
Galaxy Quest (1999)
77%
Solo: A Star Wars Story (2018)
77%
Starship Troopers (1997)
77%
Terminator Salvation (2009)
69%
Masters Of The Universe (1987)
62%
Arachnophobia (1990)
54%
Short Circuit (1986)
54%
Species (1995)
54%
The Rocketeer (1991)
54%
Cowboys & Aliens (2011)
46%
Stargate (1994)
46%
Alita: Battle Angel (2019)
38%
Demolition Man (1993)
38%
Hollow Man (2000)
38%
Looper (2012)
38%
Prey (2022)
38%
Riddick (2013)
38%
Star Trek: Nemesis (2002)
38%
Tenet (2020)
38%
The Tomorrow War (2021)
38%
Aeon Flux (2005)
31%
Chappie (2015)
31%
Evolution (2001)
31%
Sky Captain And The World Of Tomorrow (2004)
23%
The Faculty (1998)
23%
Valerian And The City Of A Thousand Planets (2017)
23%
65 (2023)
15%
Next (2007)
15%
Universal Soldier (1992)
15%
Atlas (2024)
8%
Cocoon (1985)
8%
Déjà Vu (2006)
8%
In The Lost Lands (2025)
8%
Midnight Special (2016)
8%
Outlander (2008)
8%
Paycheck (2003)
8%
Skyline (2010)
8%
The Blob (1988)
8%
Transcendence (2014)
8%
No matching quizzes found
Score Distribution
Percent of People with Each Score
Percentile by Number Answered
Your Score History
You have not taken this quiz